000
00236nam a2200097Ia 4500
082
_a
EF KHOU
245
0
_a
The sign
100
_a
KHOURY, Raymond London, 2009
_9
76364
942
_c
BK
008
210817s9999 xx 000 0 und d
999
_c
253824
_d
253823